01012nam a2200217ui 450000100060000000300080000600500170001400800410003103500190007204000300009104100080012108200350012924502420016426000490040630000410045565000660049670000400056294200120060299900170061495201630063132132BD-RjUL20211209051807.0140423s1979 ii 000 0 eng d a(BD-RjUL)32221 aCStRLINbengcLCdBD-RjUL aeng04220a294.592bSAC V-5 Pt-4 197904aThe Sacred books of the Hindus /cTranslated by various Sanskrit scholars; edited by Major B. D. Basu.nVolume V :nPt.4 :pthe vedanta-sutras of badarayana / with the commentary of Baladeva; translated by Rai Bahadur Srisa Chandra Vasu. aDelhi :bBharatiya Publishing House,,c1979. axxv, 679-772 [xxii, 19] p. ;c23 cm. 0aHindu literature, SanskritxTranslations into English.9977871 aBasu, Baman Das,d1867-1930.997788 2ddccBK c32132d32132 00102ddc40708NFICaRUCLbRUCLcStackd1985-04-27eTulip Enterprise, Dhaka.g200.00l0o294.592 SAC V-5 Pt-4 1979r2014-04-23 00:00:00tC-4w2014-04-23yBK